01414nam a2200229 a 450000100100000000500170001000800410002702000180006804000250008608200150011110000310012624501120015726000390026930000200030850000740032850503630040270000420076595201280080795201130093595201190104899900170116700004538020240306073901.0150305s2014 dr 000 0 spa d a9789945489613 aDO-SdBNPbspacBNPHU axxxxbxxxx1 aLara, Evelyn Zoraya97341810aFamilia :bdiálogos sobre lealtad, aciertos y fracasos /cEvelyn Zoraya Lara ; prólogo José Mármol. aSanto Domingo :bSantuario,c2014. a458 p. ;c23cm. aIncluye datos biográficos de la autora en la solapa de la cubierta.0 aAgradecimientos --tUna profesión cada vez más popular. Prólogo --tVida de pareja. Una experiencia de crecimiento --tCuando el amor duele. Infidelidad conyugal --tViolencia conyugal. Asunto de poder, género y neuroquímicos --tSer madre y padre. Compromiso de crianza --tFamilia. Entramado de relaciones --tOtras. Inquietudes del ser humano --12aMármol, José,d1960-eprol.96454 001054708DSaGRbGRcHDd2015-03-05iLF1l0oxxxx xxxxp45380-30r2020-06-25te. 3w2020-06-25yLFDSZPréstamo en sala 0010718PDaPDbPDcHDd2015-03-05iLF1l0oxxxx xxxxp45380-10r2020-06-25w2020-06-25yLFPDZNo se presta 0010718PDaPDbPDcHDd2015-03-05iLF1l0oxxxx xxxxp45380-20r2020-06-25te. 2w2020-06-25yLFPDZNo se presta c44869d44869